Jóvenes: ¿En busca de una identidad perdida?
Збережено в:
| Співавтор: | |
|---|---|
| Формат: | Текст |
| Опубліковано: |
Santiago:
CEJU
|
| Предмети: | |
| Теги: |
Додати тег
Немає тегів, Будьте першим, хто поставить тег для цього запису!
|
MARC
| LEADER | 00000 a a2200000 04500 | ||
|---|---|---|---|
| 001 | 27848 | ||
| 003 | |||
| 040 | |||
| 090 | |a 186508 | ||
| 110 | |a Universidad Católica Cardenal Raúl Silva Henríquez. Vicerrectoría Académica. Centro de Estudios en Juventud | ||
| 245 | |a Jóvenes: ¿En busca de una identidad perdida? | ||
| 260 | |a Santiago: |b CEJU | ||
| 300 | |b **no definido** | ||
| 650 | |a TRABAJO DE MENORES | ||
| 650 | |a EDUCACION | ||
| 650 | |a ADOLESCENTES | ||
| 650 | |a CONDICIONES SOCIALES | ||
| 650 | |a TRABAJO | ||
| 650 | |a ANALISIS COMPARATIVO | ||
| 650 | |a CONF | ||
| 650 | |a EDUCACION | ||
| 650 | |a TRABAJO | ||
| 650 | |a ADOLESCENTES | ||
| 999 | |c 13702 |d 13702 | ||
